000 01376 a2200265 4500
001 49889
005 20260407155759.0
008 260407a2001 arg spa d
003 AR-UNSa-BCEJYS
040 _aAR-UNSa-BCEJYS
_bspa
_cAR-UNSa-BCEJYS
080 _a330.101.542
_xMicroeconomía
245 1 0 _aMicroeconomía intermedia y sus aplicaciones
020 _a978-958-41-0198-3
250 _a8a. ed.
264 1 _aBogotá :
_bMcGraw-Hill
_c2001
300 _axxviii, 615 p.
_c27 cm.
505 _a1. Modelos económicos – 2. Utilidad y elección – 3. Demandas de los individuos – 4. Demanda de mercado y elasticidad – 5. Producción – 6. Costos – 7. Maximización de beneficios y oferta – 8. Competencia perfecta – 9. Aplicación del modelo competitivo – 10. Monopolio – 11. Competencia imperfecta – 12. Estrategia y teoría de los juegos – 13. Equilibrio general – 14. Fijación de precios en los mercados de insumo – 15. Tiempo y tasas de interés – 16. Incertidumbre e información – 17. Externalidades y bienes públicos.
041 _aspa
942 _cBK
590 _aniveau_biblio:m niveau_hierar:0
100 1 _aNicholson, Walter
700 1 _aCiociano González, Mildred
700 1 _aSupelano Sarmiento, Alberto
856 4 1 _uhttps://www.biblioeco.unsa.edu.ar/pmb/images/libros/L128212.jpg
_yImagen de portada
_qimage/jpeg
999 _c4903
_d4903